[Event "Tradewise Gibraltar Masters 14th"]
[Site "Gibraltar"]
[Date "2016.01.28"]
[Round "3.62"]
[White "Nava Pereda, Carlos"]
[Black "Santos Ruiz, Miguel"]
[Result "0-1"]
[WhiteElo "2262"]
[BlackElo "2427"]
[PlyCount "58"]
[EventDate "2016.01.26"]
[EventType "swiss"]
[EventRounds "10"]
[EventCountry "GGB"]
[Source "www.saund.co.uk"]
[SourceDate "2005.02.07"]

1. Nf3 f5 2. d3 Nc6 3. g3 e5 4. Bg2 Nf6 5. O-O d5 6. c4 dxc4 7. Qa4 Bd6 8. Qxc4
Qe7 9. Nc3 a6 10. e4 Be6 11. Qa4 O-O 12. Ng5 f4 13. gxf4 exf4 14. d4 Ng4 15.
Nf3 b5 16. Qd1 Bc4 17. Re1 Nxd4 18. Nd5 Bxd5 19. exd5 Nxf3+ 20. Bxf3 Qg5 21.
Bxg4 h5 22. h3 hxg4 23. hxg4 Rae8 24. Re6 Rxe6 25. dxe6 Qe5 26. e7 Qxe7 27.
Qb3+ Rf7 28. Bd2 f3 29. g5 Qe5 0-1

[Event "Tradewise Gibraltar Masters 14th"]
[Site "Gibraltar"]
[Date "2016.01.28"]
[Round "3.63"]
[White "Neef, Maximilian"]
[Black "Heinemann, Josefine"]
[Result "1-0"]
[WhiteElo "2423"]
[BlackElo "2233"]
[PlyCount "149"]
[EventDate "2016.01.26"]
[EventType "swiss"]
[EventRounds "10"]
[EventCountry "GGB"]
[Source "www.saund.co.uk"]
[SourceDate "2005.02.07"]

1. Nf3 Nf6 2. c4 g6 3. b3 Bg7 4. Bb2 O-O 5. g3 c5 6. Bg2 Nc6 7. O-O d6 8. Nc3
Bd7 9. d4 cxd4 10. Nxd4 Qa5 11. Nc2 Qh5 12. e4 Qxd1 13. Rfxd1 Rac8 14. Ne3 Rfd8
15. Rab1 h5 16. h3 Kf8 17. Ncd5 Nxd5 18. exd5 Nb8 19. Bf1 Bxb2 20. Rxb2 Rc7 21.
b4 Rdc8 22. a4 a5 23. c5 axb4 24. cxd6 exd6 25. Rxb4 Na6 26. Bxa6 bxa6 27. Kg2
a5 28. Rb6 Bxa4 29. Ra1 Bc2 30. Rxa5 Ke7 31. Kf3 Bd3 32. Ra3 Bc2 33. Kf4 Rc5
34. Ra7+ R8c7 35. Rbb7 Rxb7 36. Rxb7+ Ke8 37. Rb8+ Ke7 38. Rb7+ Ke8 39. Kg5 Be4
40. Kf6 Bxd5 41. Nxd5 Rxd5 42. Re7+ Kd8 43. Rxf7 Rf5+ 44. Kxg6 Rxf7 45. Kxf7 d5
46. g4 hxg4 47. hxg4 d4 48. g5 d3 49. g6 d2 50. g7 d1=Q 51. g8=Q+ Kc7 52. Qg3+
Kd7 53. Qh3+ Kc7 54. f4 Qd4 55. Qf5 Qc4+ 56. Kg7 Qf1 57. Qf7+ Kd8 58. f5 Qf4
59. f6 Qg5+ 60. Kf8 Qh4 61. Qe8+ Kc7 62. Qe5+ Kd7 63. f7 Qh6+ 64. Kg8 Qg6+ 65.
Qg7 Qe6 66. Kh7 Qh3+ 67. Qh6 Qf5+ 68. Qg6 Qh3+ 69. Kg8 Qb3 70. Qf5+ Kd6 71. Kh7
Qb7 72. Kh6 Qh1+ 73. Kg7 Qb7 74. Qf6+ Kc5 75. Kh6 1-0

[Event "Tradewise Gibraltar Masters 14th"]
[Site "Gibraltar"]
[Date "2016.01.28"]
[Round "3.65"]
[White "Ben Artzi, Ido"]
[Black "House, Glenn L"]
[Result "1-0"]
[WhiteElo "2418"]
[BlackElo "2226"]
[PlyCount "105"]
[EventDate "2016.01.26"]
[EventType "swiss"]
[EventRounds "10"]
[EventCountry "GGB"]
[Source "www.saund.co.uk"]
[SourceDate "2005.02.07"]

1. d4 Nf6 2. c4 e6 3. Nc3 Bb4 4. Qc2 c5 5. dxc5 O-O 6. Nf3 Na6 7. g3 Nxc5 8.
Bg2 Nce4 9. O-O Nxc3 10. bxc3 Be7 11. e4 d6 12. e5 dxe5 13. Nxe5 Qc7 14. Qe2
Nd7 15. Bf4 Bd6 16. Rfe1 Bxe5 17. Bxe5 Nxe5 18. Qxe5 Qxe5 19. Rxe5 Rd8 20. Rb1
Rd7 21. Reb5 h5 22. Rxh5 a6 23. Ra5 Kf8 24. Kf1 Rc7 25. c5 Ra7 26. Rb6 Bd7 27.
f4 Ke7 28. Ke2 f5 29. Ke3 Kf6 30. h3 g5 31. Kd4 gxf4 32. gxf4 Bc6 33. Bxc6 Rxc6
34. c4 Ra8 35. Rxb7 Rd8+ 36. Kc3 Rh8 37. Rb6 Rxh3+ 38. Kb4 Rc8 39. Raxa6 Re3
40. c6 Re4 41. Kc5 Rxf4 42. Ra7 Rg4 43. c7 f4 44. Rb8 Rgg8 45. Rxc8 Rxc8 46.
Kc6 e5 47. Kb7 Rxc7+ 48. Kxc7 f3 49. Kd8 e4 50. Ke8 Ke5 51. Rf7 Kd4 52. a4 e3
53. Rf4+ 1-0

[Event "Tradewise Gibraltar Masters 14th"]
[Site "Gibraltar"]
[Date "2016.01.28"]
[Round "3.66"]
[White "Hommerson, Paul"]
[Black "Teran Alvarez, Ismael"]
[Result "0-1"]
[WhiteElo "2240"]
[BlackElo "2416"]
[PlyCount "80"]
[EventDate "2016.01.26"]
[EventType "swiss"]
[EventRounds "10"]
[EventCountry "GGB"]
[Source "www.saund.co.uk"]
[SourceDate "2005.02.07"]

1. e4 e5 2. Nf3 d6 3. d4 exd4 4. Nxd4 Nf6 5. Nc3 Be7 6. Be2 O-O 7. O-O Re8 8.
f4 Bf8 9. Bf3 c6 10. Re1 Nbd7 11. Be3 Nb6 12. Bf2 d5 13. e5 Nfd7 14. Bh5 g6 15.
Bg4 Bg7 16. Nf3 Nf8 17. Ng5 h6 18. Nh3 Bxg4 19. Qxg4 Qd7 20. Qf3 h5 21. Qd3 Qg4
22. Nd1 Ne6 23. Qd2 d4 24. c3 Bh6 25. Bxd4 Nxf4 26. Nxf4 Bxf4 27. Qf2 Nd5 28.
Rf1 g5 29. h3 Qd7 30. c4 Nc7 31. Be3 Ne6 32. Nc3 Qd3 33. Rae1 Qg6 34. g3 Bxe5
35. Qf3 Nd4 36. Bxd4 Bxd4+ 37. Kg2 Rad8 38. Rxe8+ Rxe8 39. Rd1 Qc2+ 40. Kf1 Re3
0-1

[Event "Tradewise Gibraltar Masters 14th"]
[Site "Gibraltar"]
[Date "2016.01.28"]
[Round "3.67"]
[White "Rydl, Jiri"]
[Black "Midonet, Mathieu"]
[Result "1-0"]
[WhiteElo "2412"]
[BlackElo "2211"]
[PlyCount "93"]
[EventDate "2016.01.26"]
[EventType "swiss"]
[EventRounds "10"]
[EventCountry "GGB"]
[Source "www.saund.co.uk"]
[SourceDate "2005.02.07"]

1. Nf3 d5 2. g3 Nf6 3. Bg2 Bf5 4. c4 c6 5. cxd5 cxd5 6. Qb3 Nc6 7. Qxb7 Bd7 8.
Qb3 Rb8 9. Qd1 e5 10. O-O Bd6 11. d3 O-O 12. Nc3 h6 13. b3 Qe7 14. Bb2 a5 15.
h3 Rfc8 16. e3 Ba3 17. Bxa3 Qxa3 18. Qd2 Qd6 19. Rfc1 Bf5 20. d4 e4 21. Ne5
Nxe5 22. dxe5 Qxe5 23. Ne2 a4 24. Nd4 Bd7 25. Rxc8+ Rxc8 26. Rc1 Rxc1+ 27. Qxc1
axb3 28. axb3 h5 29. b4 h4 30. g4 Qd6 31. Qa3 Bxg4 32. hxg4 Nxg4 33. Qa8+ Kh7
34. Qc8 Qh2+ 35. Kf1 Nxf2 36. Qf5+ Kg8 37. Qxf2 h3 38. Bxe4 Qd6 39. Bf5 h2 40.
Kg2 Qxb4 41. Kxh2 Qb8+ 42. Kg2 g6 43. Bg4 Kg7 44. Qf4 Qe8 45. Bf3 f5 46. Bxd5
Kf6 47. Qd6+ 1-0

[Event "Tradewise Gibraltar Masters 14th"]
[Site "Gibraltar"]
[Date "2016.01.28"]
[Round "3.68"]
[White "Vogt, Lothar"]
[Black "Walton, Alan J"]
[Result "1/2-1/2"]
[WhiteElo "2409"]
[BlackElo "2206"]
[PlyCount "60"]
[EventDate "2016.01.26"]
[EventType "swiss"]
[EventRounds "10"]
[EventCountry "GGB"]
[Source "www.saund.co.uk"]
[SourceDate "2005.02.07"]

1. e4 e6 2. d4 d5 3. Nc3 Nf6 4. Bg5 Be7 5. e5 Nfd7 6. Bxe7 Qxe7 7. f4 O-O 8.
Nf3 c5 9. Qd2 Nc6 10. dxc5 Qxc5 11. O-O-O Nb6 12. Kb1 Nc4 13. Bxc4 Qxc4 14. Nd4
Nxd4 15. Qxd4 Qxd4 16. Rxd4 Bd7 17. Rd2 Rac8 18. Ne2 f6 19. exf6 gxf6 20. f5 e5
21. g4 Kf7 22. Ng3 Rc4 23. h3 Rf4 24. Rf1 Rxf1+ 25. Nxf1 Bc6 26. Ng3 Re8 27.
Kc1 d4 28. Kd1 Rd8 29. Ke1 Rd5 30. c3 dxc3 1/2-1/2

[Event "Tradewise Gibraltar Masters 14th"]
[Site "Gibraltar"]
[Date "2016.01.28"]
[Round "3.69"]
[White "Saber, Yasser"]
[Black "Kohlweyer, Bernd"]
[Result "1/2-1/2"]
[WhiteElo "2230"]
[BlackElo "2404"]
[PlyCount "29"]
[EventDate "2016.01.26"]
[EventType "swiss"]
[EventRounds "10"]
[EventCountry "GGB"]
[Source "www.saund.co.uk"]
[SourceDate "2005.02.07"]

1. d4 d5 2. Nf3 Nf6 3. c4 c6 4. Nc3 dxc4 5. a4 Bf5 6. e3 e6 7. Bxc4 Bb4 8. O-O
Nbd7 9. Qb3 a5 10. Na2 Be7 11. Qxb7 Rb8 12. Qa6 Ra8 13. Qb7 Rb8 14. Qa6 Ra8 15.
Qb7 1/2-1/2

[Event "Tradewise Gibraltar Masters 14th"]
[Site "Gibraltar"]
[Date "2016.01.28"]
[Round "3.70"]
[White "Houska, Jovanka"]
[Black "Pinho, Paulo"]
[Result "0-1"]
[WhiteElo "2402"]
[BlackElo "2197"]
[PlyCount "68"]
[EventDate "2016.01.26"]
[EventType "swiss"]
[EventRounds "10"]
[EventCountry "GGB"]
[Source "www.saund.co.uk"]
[SourceDate "2005.02.07"]

1. d4 Nf6 2. Nf3 c5 3. d5 b5 4. Bg5 Qb6 5. e3 g6 6. d6 Bg7 7. dxe7 Ne4 8. Nbd2
Nxg5 9. Nxg5 Bb7 10. a4 a6 11. c3 h6 12. Ngf3 Kxe7 13. Qb3 Nc6 14. Be2 Na5 15.
Qc2 Rhc8 16. h4 h5 17. e4 Kf8 18. O-O d5 19. exd5 c4 20. axb5 axb5 21. Ng5 Bxd5
22. Bf3 Rd8 23. Rfe1 Qc6 24. Re3 Nb3 25. Rxa8 Qxa8 26. Nf1 Na5 27. Qe2 Bh6 28.
Nxf7 Kxf7 29. Re7+ Kg8 30. Qe5 Bf8 31. Qf6 Bxe7 32. Qxg6+ Kf8 33. Bxh5 Qc6 34.
Qh7 Qf6 0-1

[Event "Tradewise Gibraltar Masters 14th"]
[Site "Gibraltar"]
[Date "2016.01.28"]
[Round "3.71"]
[White "Verneuil, Pascal"]
[Black "Kuipers, Stefan"]
[Result "1/2-1/2"]
[WhiteElo "2205"]
[BlackElo "2399"]
[PlyCount "52"]
[EventDate "2016.01.26"]
[EventType "swiss"]
[EventRounds "10"]
[EventCountry "GGB"]
[Source "www.saund.co.uk"]
[SourceDate "2005.02.07"]

1. e4 e6 2. d4 d5 3. e5 c5 4. Nf3 Nc6 5. Bd3 Nxd4 6. Nxd4 cxd4 7. O-O Ne7 8.
Bf4 Qb6 9. Nd2 Bd7 10. a4 Nc6 11. c4 dxc3 12. bxc3 Be7 13. Qe2 O-O 14. Rfb1 Qc7
15. c4 Nb4 16. Bxh7+ Kxh7 17. Qh5+ Kg8 18. Ra3 f5 19. Rh3 dxc4 20. Qg6 Be8 21.
Qh7+ Kf7 22. Qh5+ Kg8 23. Qh7+ Kf7 24. Qh5+ Kg8 25. Qh7+ Kf7 26. Qh5+ Kg8
1/2-1/2

[Event "Tradewise Gibraltar Masters 14th"]
[Site "Gibraltar"]
[Date "2016.01.28"]
[Round "3.74"]
[White "Semprun Martinez, Fernando"]
[Black "Hauge, Lars Oskar"]
[Result "0-1"]
[WhiteElo "2178"]
[BlackElo "2388"]
[PlyCount "94"]
[EventDate "2016.01.26"]
[EventType "swiss"]
[EventRounds "10"]
[EventCountry "GGB"]
[Source "www.saund.co.uk"]
[SourceDate "2005.02.07"]

1. e4 e6 2. d4 d5 3. Nc3 Nf6 4. e5 Nfd7 5. f4 c5 6. Nf3 Nc6 7. Be3 h6 8. Qd2 g5
9. dxc5 gxf4 10. Bxf4 Nxc5 11. O-O-O a6 12. Bd3 b5 13. Kb1 Na4 14. Nxa4 bxa4
15. Qc3 Qb6 16. Be3 Qb7 17. Bc5 Bxc5 18. Qxc5 Rb8 19. Qa3 Rg8 20. g3 Rg4 21. c3
Qb6 22. Bc2 Bd7 23. Rhf1 Na5 24. Nd2 Qe3 25. h3 Rxg3 26. Bxa4 Nc6 27. Bxc6 Bxc6
28. Nb3 Qxe5 29. Qxa6 Bb5 30. Qa7 Bxf1 31. Rxf1 f5 32. Nd4 Rg2 33. b3 Rg7 34.
Qa4+ Kf8 35. Qa6 Re8 36. a4 Rg2 37. a5 Qh2 38. Qd3 Rb2+ 39. Kc1 Ra2 40. Nc2
Rxa5 41. Qe3 Rea8 42. Rf2 Qg1+ 43. Kd2 Qg5 44. Rf4 Kf7 45. h4 Qf6 46. Nd4 Ra2+
47. Kd3 e5 0-1

[Event "Tradewise Gibraltar Masters 14th"]
[Site "Gibraltar"]
[Date "2016.01.28"]
[Round "3.75"]
[White "Magnusdottir, Veronika Steinun"]
[Black "Bullock, Lee"]
[Result "0-1"]
[WhiteElo "1762"]
[BlackElo "1549"]
[PlyCount "88"]
[EventDate "2016.01.26"]
[EventType "swiss"]
[EventRounds "10"]
[EventCountry "GGB"]
[Source "www.saund.co.uk"]
[SourceDate "2005.02.07"]

1. e4 c5 2. Nf3 d6 3. d4 cxd4 4. Nxd4 Nf6 5. Nc3 a6 6. h3 e5 7. Nde2 Be6 8. g4
Be7 9. Bg2 O-O 10. Be3 b5 11. O-O Nbd7 12. Qd2 Rc8 13. Nd5 Bxd5 14. exd5 Nb6
15. b3 Nfd7 16. Ng3 Qc7 17. Nf5 Bf6 18. g5 Bd8 19. Rac1 g6 20. Nh6+ Kg7 21. f4
f6 22. f5 Qc3 23. fxg6 hxg6 24. gxf6+ Nxf6 25. Qf2 Nbd7 26. Qg3 Qxe3+ 27. Qxe3
Bb6 28. Qxb6 Nxb6 29. Ng4 Nbxd5 30. Rfd1 Nc3 31. Rxd6 Ne2+ 32. Kh1 Nxc1 33.
Nxe5 Rxc2 34. Rxa6 Rxa2 35. Rc6 Nxb3 36. Rc7+ Kh6 37. Nf7+ Kh5 38. Bf3+ Kh4 39.
Ne5 Kxh3 40. Bg2+ Rxg2 41. Nxg6 Ne4 42. Rh7+ Kg3 43. Rh3+ Kxh3 44. Nf4+ Kg4 0-1

[Event "Tradewise Gibraltar Masters 14th"]
[Site "Gibraltar"]
[Date "2016.01.28"]
[Round "3.76"]
[White "Hill, Alistair"]
[Black "Shvayger, Yuliya"]
[Result "0-1"]
[WhiteElo "2167"]
[BlackElo "2381"]
[PlyCount "186"]
[EventDate "2016.01.26"]
[EventType "swiss"]
[EventRounds "10"]
[EventCountry "GGB"]
[Source "www.saund.co.uk"]
[SourceDate "2005.02.07"]

1. e4 c5 2. Nf3 d6 3. Bb5+ Nd7 4. O-O Ngf6 5. Re1 a6 6. Bf1 b6 7. d4 cxd4 8.
Nxd4 Bb7 9. f3 e6 10. c4 Be7 11. Nc3 O-O 12. Nc2 Rc8 13. Ne3 Qc7 14. a4 a5 15.
b3 Nc5 16. Ba3 Rfd8 17. Ra2 Qb8 18. Rd2 Nfd7 19. g3 Ne5 20. Bg2 Nc6 21. Bh3 Ne5
22. Bg2 Bf8 23. Nb5 Bc6 24. Bb2 Ba8 25. Qc2 Nc6 26. Bc3 Nb4 27. Qb1 Nca6 28.
Red1 Nc7 29. f4 Nxb5 30. axb5 Bb7 31. Bd4 Qc7 32. Qb2 Re8 33. Nc2 Nxc2 34. Qxc2
Ba8 35. Qd3 e5 36. Bf2 g6 37. Qe3 Rb8 38. f5 a4 39. Rc2 axb3 40. Qxb3 Rec8 41.
g4 Kh8 42. Qe3 f6 43. Ra1 Qf7 44. Qe2 Bh6 45. Ra6 gxf5 46. gxf5 Rg8 47. Bg3 Bf4
48. Rc3 Qc7 49. Qf2 Rg4 50. Qe2 Rbg8 51. c5 Bb7 52. Ra7 dxc5 53. Kf2 Qb8 54.
Raa3 Qc7 55. Qc4 Bxg3+ 56. Rxg3 Rxg3 57. hxg3 Rd8 58. Qe6 Rd6 59. Qe8+ Kg7 60.
Ra7 Rd7 61. Bf1 Re7 62. Qh5 Qd6 63. Qg4+ Kf8 64. Qh4 Qd4+ 65. Ke2 Qxe4+ 66.
Qxe4 Bxe4 67. Ra6 Rb7 68. g4 Kg7 69. Ke3 Bd5 70. Bd3 Kh6 71. Be4 Bxe4 72. Kxe4
Rd7 73. Rxb6 Kg5 74. Rc6 Rd4+ 75. Ke3 Rb4 76. Rxc5 Kxg4 77. Kd3 Kxf5 78. Kc3
Rb1 79. Kc2 Ra1 80. b6 Ra8 81. Kd3 Rb8 82. Rb5 h5 83. Kc4 h4 84. Kc5 h3 85. Kc6
h2 86. Rb1 Kg4 87. Kc7 Rh8 88. b7 f5 89. b8=Q Rxb8 90. Kxb8 f4 91. Kc7 Kg3 92.
Kd6 f3 93. Kxe5 Kg2 0-1

[Event "Tradewise Gibraltar Masters 14th"]
[Site "Gibraltar"]
[Date "2016.01.28"]
[Round "3.77"]
[White "Galinsky, Timofey"]
[Black "Campbell, Charles"]
[Result "1-0"]
[WhiteElo "2379"]
[BlackElo "2157"]
[PlyCount "127"]
[EventDate "2016.01.26"]
[EventType "swiss"]
[EventRounds "10"]
[EventCountry "GGB"]
[Source "www.saund.co.uk"]
[SourceDate "2005.02.07"]

1. d3 d5 2. Nd2 e5 3. e4 Nf6 4. Ngf3 Bd6 5. Be2 O-O 6. O-O Bg4 7. h3 Bh5 8. Re1
Re8 9. exd5 Nxd5 10. Nc4 Nd7 11. Bg5 f6 12. Bd2 Bc5 13. c3 Bf7 14. b4 Bf8 15.
Qc2 c5 16. b5 Qc7 17. a4 a5 18. Nh4 Nf4 19. Bf1 Be6 20. d4 cxd4 21. cxd4 exd4
22. Re4 Nd5 23. Rxe6 Rxe6 24. Qf5 Re5 25. Nxe5 Nxe5 26. f4 Ne7 27. Qe6+ Nf7 28.
Bc4 Ng6 29. Nxg6 hxg6 30. b6 Qe7 31. Qg4 Kh7 32. Re1 Nh6 33. Rxe7 Nxg4 34. Rxb7
Ne3 35. Bd3 Bc5 36. Ra7 Rxa7 37. bxa7 Bxa7 38. Bxa5 f5 39. Kf2 Nd5 40. Bd2 Nc3
41. a5 Ne4+ 42. Ke2 Kg8 43. Bb4 Kf7 44. Bc4+ Kf6 45. h4 Nc5 46. Bxc5 Bxc5 47.
Kd3 Ke7 48. Bb5 Bb4 49. a6 Bc5 50. Kc4 Ba7 51. Kd5 d3 52. Bxd3 Kd7 53. Bb5+ Kc7
54. Be8 Bf2 55. Bxg6 Bxh4 56. Bxf5 Kb6 57. Bd3 Bg3 58. f5 Ka7 59. Ke6 Kb8 60.
Kf7 Be5 61. g4 Kc8 62. g5 Bd4 63. f6 gxf6 64. Bf5+ 1-0

[Event "Tradewise Gibraltar Masters 14th"]
[Site "Gibraltar"]
[Date "2016.01.28"]
[Round "3.78"]
[White "Bellon Lopez, Juan Manuel"]
[Black "Vanheirzeele, Daniel"]
[Result "1/2-1/2"]
[WhiteElo "2376"]
[BlackElo "2149"]
[Annotator "Rudd,Jack"]
[PlyCount "110"]
[EventDate "2016.01.26"]
[EventType "swiss"]
[EventRounds "10"]
[EventCountry "GGB"]
[Source "www.saund.co.uk"]
[SourceDate "2005.02.07"]

1. b3 d5 2. Nf3 Nf6 3. Bb2 c6 4. e3 Bg4 5. h3 Bxf3 6. Qxf3 Nbd7 7. d4 e6 8. Nd2
Qa5 9. a3 Bd6 10. b4 Qd8 11. e4 dxe4 12. Nxe4 Nxe4 13. Qxe4 Nf6 14. Qf3 O-O 15.
Bc4 a5 16. b5 Rc8 17. c3 c5 18. Rc1 cxd4 19. cxd4 Nd5 20. O-O Be7 21. Bd3 Qd7
22. g3 Bf6 23. Kg2 g6 24. a4 Bg7 25. Be4 b6 26. Rfe1 Rfd8 27. h4 h5 28. Red1
Rxc1 29. Rxc1 Nb4 30. Bc6 Qe7 31. Rc4 Nd5 32. Bxd5 Rxd5 33. Qf4 Qe8 34. Rc6 Qd8
35. Rc7 Rd7 36. Rxd7 Qxd7 37. Qe4 Qd6 38. Qc6 Qd8 39. Qc4 Bf6 40. Kf3 Kg7 41.
Ke3 Qd6 42. Kd3 Kf8 43. Qc8+ Kg7 44. Qc4 Kh7 45. Bc3 Kg8 46. Qc6 Qd8 47. f3 Qb8
48. Be1 Qd8 49. Bf2 Qd5 50. Qxd5 exd5 51. g4 Bd8 52. Bg3 Kg7 53. Bf2 f6 54.
gxh5 gxh5 55. Ke3 f5 {The remainder of the scoresheet is illegible} 1/2-1/2

[Event "Tradewise Gibraltar Masters 14th"]
[Site "Gibraltar"]
[Date "2016.01.28"]
[Round "3.79"]
[White "Ajele, Rotimi"]
[Black "Christiansen, Johan-Sebastian"]
[Result "0-1"]
[WhiteElo "2163"]
[BlackElo "2374"]
[PlyCount "52"]
[EventDate "2016.01.26"]
[EventType "swiss"]
[EventRounds "10"]
[EventCountry "GGB"]
[Source "www.saund.co.uk"]
[SourceDate "2005.02.07"]

1. d4 Nf6 2. c4 c5 3. d5 b5 4. cxb5 a6 5. b6 d6 6. Nc3 Nbd7 7. a4 Qxb6 8. a5
Qb7 9. e4 g6 10. Be2 Bg7 11. Nf3 O-O 12. Nd2 Ne8 13. Nc4 Nc7 14. O-O Nb5 15.
Na4 Nd4 16. Nab6 Rb8 17. Bg5 Re8 18. Bg4 Nxb6 19. axb6 f5 20. exf5 Bxf5 21.
Bxf5 gxf5 22. Qd3 Qxd5 23. Rxa6 f4 24. Bh4 f3 25. Rd1 Ne2+ 26. Kf1 Qxd3 0-1

[Event "Tradewise Gibraltar Masters 14th"]
[Site "Gibraltar"]
[Date "2016.01.28"]
[Round "3.80"]
[White "Paehtz, Thomas"]
[Black "Spence, David J"]
[Result "1/2-1/2"]
[WhiteElo "2372"]
[BlackElo "2140"]
[PlyCount "47"]
[EventDate "2016.01.26"]
[EventType "swiss"]
[EventRounds "10"]
[EventCountry "GGB"]
[Source "www.saund.co.uk"]
[SourceDate "2005.02.07"]

1. e4 e6 2. d4 d5 3. Nd2 Nf6 4. e5 Nfd7 5. f4 c5 6. c3 Nc6 7. Ndf3 Qb6 8. a3
cxd4 9. cxd4 Na5 10. Ne2 Qb3 11. Nd2 Qxd1+ 12. Kxd1 Nb6 13. b3 Bd7 14. Nc3 Rc8
15. Kc2 Be7 16. Nf3 a6 17. Kb2 O-O 18. Bd3 Nc6 19. Be3 Na7 20. Rhc1 Na8 21. Rc2
Rc7 22. Rac1 Rfc8 23. Bd2 Nb5 24. Nb1 1/2-1/2

[Event "Tradewise Gibraltar Masters 14th"]
[Site "Gibraltar"]
[Date "2016.01.28"]
[Round "3.81"]
[White "Blodig, Reinhard"]
[Black "Herman, Matthew J"]
[Result "0-1"]
[WhiteElo "2158"]
[BlackElo "2370"]
[PlyCount "90"]
[EventDate "2016.01.26"]
[EventType "swiss"]
[EventRounds "10"]
[EventCountry "GGB"]
[Source "www.saund.co.uk"]
[SourceDate "2005.02.07"]

1. e4 e5 2. Nf3 Nc6 3. d4 exd4 4. Nxd4 Bc5 5. Be3 Qf6 6. c3 Nge7 7. Bc4 Ne5 8.
Be2 d6 9. f4 N5g6 10. O-O Nc6 11. Qd3 O-O 12. Nxc6 Bxe3+ 13. Qxe3 bxc6 14. Nd2
Re8 15. Rae1 Bb7 16. g3 c5 17. Bf3 Rab8 18. Rf2 h6 19. b3 Kh8 20. Rfe2 Ba6 21.
c4 Qd4 22. Bh5 Qf6 23. Qd3 Rbd8 24. Re3 Ne7 25. Qb1 Nc6 26. e5 dxe5 27. Ne4 Qf5
28. g4 Qxf4 29. Qc1 f5 30. Rf1 fxe4 31. Rxf4 exf4 32. Bxe8 Rxe8 33. Re1 e3 34.
Qa3 Nb4 35. Qa5 Nd3 36. Qxa6 Nxe1 37. Qc6 Nf3+ 38. Kg2 Re5 39. Qa8+ Kh7 40.
Qxf3 e2 41. Qd3+ Kg8 42. Qd8+ Kf7 43. Qxc7+ Re7 44. Qxf4+ Kg8 45. Qb8+ Kh7 0-1

[Event "Tradewise Gibraltar Masters 14th"]
[Site "Gibraltar"]
[Date "2016.01.28"]
[Round "3.81"]
[White "Siva, Mahadevan"]
[Black "Veltkamp, Gerben"]
[Result "1-0"]
[WhiteElo "2370"]
[BlackElo "2135"]
[PlyCount "43"]
[EventDate "2016.01.26"]
[EventType "swiss"]
[EventRounds "10"]
[EventCountry "GGB"]
[Source "www.saund.co.uk"]
[SourceDate "2005.02.07"]

1. e4 e5 2. Nf3 Nc6 3. d4 exd4 4. Nxd4 Nf6 5. Nxc6 bxc6 6. Qe2 a5 7. Nc3 Ba6 8.
Qf3 Bxf1 9. Rxf1 Bd6 10. Bf4 Qe7 11. O-O-O Be5 12. Bxe5 Qxe5 13. Qh3 Qf4+ 14.
Kb1 Rb8 15. e5 Ng4 16. Rfe1 Rb4 17. f3 Rxb2+ 18. Kxb2 Qb4+ 19. Kc1 Qxc3 20.
Qxg4 Qa3+ 21. Kd2 O-O 22. Qc4 1-0

[Event "Tradewise Gibraltar Masters 14th"]
[Site "Gibraltar"]
[Date "2016.01.28"]
[Round "3.83"]
[White "Dougherty, Michael"]
[Black "Quillan, Gary"]
[Result "0-1"]
[WhiteElo "2149"]
[BlackElo "2369"]
[PlyCount "60"]
[EventDate "2016.01.26"]
[EventType "swiss"]
[EventRounds "10"]
[EventCountry "GGB"]
[Source "www.saund.co.uk"]
[SourceDate "2005.02.07"]

1. d4 Nf6 2. c4 e6 3. Nc3 c5 4. d5 exd5 5. cxd5 d6 6. Nf3 g6 7. h3 Bg7 8. e4
O-O 9. Bd3 Re8 10. O-O a6 11. a4 Nbd7 12. Re1 Qe7 13. Bf4 Qf8 14. Rb1 h6 15.
Bh2 Nh7 16. Qc2 Qe7 17. b4 cxb4 18. Rxb4 Qf6 19. Nd1 Ng5 20. Nxg5 hxg5 21. Ne3
Ne5 22. Nc4 Nxd3 23. Qxd3 Qc3 24. Qb1 a5 25. Nxd6 axb4 26. Nxe8 Be5 27. Rc1
Bxh2+ 28. Kxh2 Qe5+ 29. Kg1 Qxe8 30. Qxb4 Rxa4 0-1

[Event "Tradewise Gibraltar Masters 14th"]
[Site "Gibraltar"]
[Date "2016.01.28"]
[Round "3.84"]
[White "Bitensky, Igor"]
[Black "Boado Rodriguez, Martin"]
[Result "1-0"]
[WhiteElo "2362"]
[BlackElo "2121"]
[PlyCount "81"]
[EventDate "2016.01.26"]
[EventType "swiss"]
[EventRounds "10"]
[EventCountry "GGB"]
[Source "www.saund.co.uk"]
[SourceDate "2005.02.07"]

1. Nf3 Nf6 2. g3 b6 3. Bg2 Bb7 4. O-O e6 5. d3 d5 6. Nbd2 d4 7. c3 dxc3 8. bxc3
Be7 9. a4 a5 10. Qc2 Nbd7 11. d4 O-O 12. Rd1 Ra7 13. e4 Qa8 14. Re1 e5 15. dxe5
Ng4 16. Nd4 Ndxe5 17. h3 Nxf2 18. Kxf2 Ba6 19. Bf1 Bxf1 20. Rxf1 c5 21. N4f3
Ng6 22. Nc4 Bd8 23. Ne3 Qc6 24. Kg2 b5 25. axb5 Qxb5 26. c4 Qc6 27. Nd5 a4 28.
Bb2 f6 29. Ra3 Re8 30. Kh2 Bc7 31. Rfa1 Bb8 32. Rd1 h5 33. h4 Kh8 34. e5 Nxe5
35. Bxe5 Bxe5 36. Qg6 Bb2 37. Ng5 fxg5 38. Qxc6 Re2+ 39. Kh1 Bxa3 40. hxg5 Bb2
41. g6 1-0

[Event "Tradewise Gibraltar Masters 14th"]
[Site "Gibraltar"]
[Date "2016.01.28"]
[Round "3.85"]
[White "Lobersli, Henrik Oie"]
[Black "Kavutskiy, Konstantin"]
[Result "0-1"]
[WhiteElo "2146"]
[BlackElo "2360"]
[PlyCount "74"]
[EventDate "2016.01.26"]
[EventType "swiss"]
[EventRounds "10"]
[EventCountry "GGB"]
[Source "www.saund.co.uk"]
[SourceDate "2005.02.07"]

1. d4 Nf6 2. c4 g6 3. Nc3 Bg7 4. e4 d6 5. Nf3 O-O 6. Be2 e5 7. O-O Na6 8. Be3
c6 9. d5 Ng4 10. Bg5 f6 11. Bh4 c5 12. Ne1 h5 13. h3 Nh6 14. a3 Nf7 15. Nd3 Bh6
16. b4 b6 17. Qe1 Bd7 18. Bd1 Rc8 19. b5 Nc7 20. f3 Kh8 21. g4 Ng5 22. Kh2 hxg4
23. fxg4 Rf7 24. Bxg5 Bxg5 25. Ra2 Qf8 26. Rg2 Rh7 27. Rf3 a6 28. a4 axb5 29.
Nxb5 Nxb5 30. cxb5 c4 31. Nb4 Rh4 32. Qc3 Qh6 33. Kg1 Kg7 34. Nc6 Rh8 35. Kf1
Bxg4 36. hxg4 Rh1+ 37. Ke2 Rxd1 0-1

[Event "Tradewise Gibraltar Masters 14th"]
[Site "Gibraltar"]
[Date "2016.01.28"]
[Round "3.86"]
[White "Vuilleumier, Alexandre"]
[Black "Burrows, Martin P"]
[Result "1-0"]
[WhiteElo "2356"]
[BlackElo "2115"]
[PlyCount "57"]
[EventDate "2016.01.26"]
[EventType "swiss"]
[EventRounds "10"]
[EventCountry "GGB"]
[Source "www.saund.co.uk"]
[SourceDate "2005.02.07"]

1. g3 e5 2. c4 Nc6 3. Bg2 f5 4. Nc3 Nf6 5. e3 d6 6. Nge2 Be7 7. O-O O-O 8. b3
Qe8 9. Bb2 Bd8 10. d3 Qh5 11. Nd5 f4 12. exf4 Ng4 13. h3 Nf6 14. Nec3 Qh6 15.
fxe5 dxe5 16. Bc1 Qg6 17. Be3 Bf5 18. Nxf6+ gxf6 19. Be4 Be7 20. Qf3 Bxe4 21.
dxe4 Nd4 22. Bxd4 exd4 23. Nd5 Bd8 24. Rfd1 c5 25. b4 b6 26. bxc5 bxc5 27. Rab1
Re8 28. Re1 Re6 29. Nf4 1-0